Регионална библиотека "Любен Каравелов" - Русе

Японско-български речник (Запис номер 55695)

MARC детайли
000 -Лидер
Контролно поле с фиксирана дължина 01395nam a2200349 c 4500
003 - Код на организацията, давaща контролен номер
Контролно поле BLK
005 - Дата и час на последна редакция
Контролно поле 20230826131318.0
008 - Елементи от данни с фиксирана дължина
fixed length control field 180408b bul|||||r ||||||| ||bul||
010 ## - Наследен системен номер
LC control number KNG00059667000
020 ## - Международен стандартен номер на книга ISBN
Международен стандартен номер на книга ISBN 954-321-217-1
-- издат.: Изток-Запад - ISBN-10
020 ## - Международен стандартен номер на книга ISBN
Международен стандартен номер на книга ISBN 978-954-321-217-0
-- издат.: Изток-Запад - ISBN-13
040 ## - Източник на каталожния запис
Идентификатор на билиотеката - собственик на записа BLK
041 ## - Код за език
Код за езика на текст/звукозапис или на отделно заглавие Японски
Код за езика КДБФ Български
080 ## - УДК
Текстов определител УДК Лексикология. Езикови речници и разговорници. Лексикография
УДК код - определител по УДК 81`374
УДК определител =521=163.2
УДК - код + определител 81`374=521=163.2
139 ## - Редно поле
Редна дума Иванов, Братислав
Авторски знак Иванов - И 21
245 10 - Сведения за заглавието
Заглавие Японско-български речник
Редно поле (дума) състав. Братислав Иванов; ред. Калина Йорданова.
257 ## - Страна на издаване
Страна на създаване/издаване България
260 ## - Област на издателските данни
-- София
Име на издателя, разпространителя и проч. Изток-Запад
Година на издаване 2006
300 ## - Физическа характеристика
Страници 236 с.
Размери/Мащаб 18 см
380 ## - Жанр
Жанр Езикознание. Филология
650 #4 - Допълнително описание по предмет – тема
Основно описание – тема или топоним Японски език - речници, японско-български
9 (RLIN) 286364
653 ## - Ключова дума – ненормативна
Ключова дума японски език
653 ## - Ключова дума – ненормативна
Ключова дума речници
700 1# - Други автори (авторска отговорност)
Лично име Иванов, Братислав
Автороска отговорност (Описва отношението между автора и произведението) състав.
9 (RLIN) 368004
700 1# - Други автори (авторска отговорност)
Лично име Йорданова, Калина
Автороска отговорност (Описва отношението между автора и произведението) ред.
9 (RLIN) 369183
852 ## - Местоположение
Форматна сигнатура Цб 227721
856 4# - Електронен адрес и достъп
Електронен формат pdf - файл
Път до файла /url/
856 4# - Електронен адрес и достъп
Електронен формат pdf - файл
Път до файла /url/
942 ## - АРТИКУЛИ
Вид на библиотечния материал Книги
Скрит в OPAC Не
Koha issues (borrowed), all copies 1
944 ## - СЪЗДАВАНЕ И РЕДАКЦИЯ на ЗАПИСА
Създаване/Редакция Създаване
Дата на регистрацията/редакция 30.05.2006
Служител, извършил регистрацията/редакцията 30545
Статус, дата на статуса Нора Радева
944 ## - СЪЗДАВАНЕ И РЕДАКЦИЯ на ЗАПИСА
Създаване/Редакция Редакция
Дата на регистрацията/редакция 01.06.2006
Служител, извършил регистрацията/редакцията
999 ## - СИСТЕМНИ КОНТРОЛНИ НОМЕРА
Koha biblionumber 55695
Koha biblioitemnumber 55695
Наличности
Код за отписване Код за изгубен артикул Източник на класификационната схема Код за повреда Коз за рестрикции Код за отдаване Артикулен № Име на библиотеката - собственик Име на библиотеката, в която се намира в момента Статус (Текущо местоположение) Дата на вписване в системата Местоположение - отдел Цена в лева Инвентарен номер Систематично азбучна сигнатура Баркод Номер на екземпляра Цена в евро Служебна бележка Служебен тип на артикула
  Не е изгубен Universal Decimal Classification Не е повреден без рестрикции ползва се в читалня 87675 Регионална библиотека "Любен Каравелов" Русе Регионална библиотека "Любен Каравелов" Русе Читалня - справочен фонд 2006-05-30 Читалня 12.00 120000702575 СЧ 801.323.2/И 21 120000702575 1 6.14 Дост: Pk Вид: Ф N: 41136 Дата: 29.05.2006 Дата инв: 13.06.2017 Бележки инв: С32017 Книги
Vip Innovations Ltd, Rousse, Bulgaria 2025